Elementary and intermediate algebra : (Record no. 127556)

MARC details
000 -LEADER
fixed length control field 00747cam a2200241 a 4500
008 - FIXED-LENGTH DATA ELEMENTS--GENERAL INFORMATION
fixed length control field
020 ## - INTERNATIONAL STANDARD BOOK NUMBER
International Standard Book Number 0073661554 (hbk. )
049 ## - LOCAL HOLDINGS (OCLC)
Holding library MAIN
090 ## - LOCALLY ASSIGNED LC-TYPE CALL NUMBER (OCLC); LOCAL CALL NUMBER (RLIN)
Classification number (OCLC) (R) ; Classification number, CALL (RLIN) (NR) QA152.3
Local cutter number (OCLC) ; Book number/undivided call number, CALL (RLIN) HUT
003 - CONTROL NUMBER IDENTIFIER
control field
005 - DATE AND TIME OF LATEST TRANSACTION
control field 20230123122102.0
040 ## - CATALOGING SOURCE
Transcribing agency NUST
100 1# - MAIN ENTRY--PERSONAL NAME
Personal name Hutchison, Donald.
245 10 - TITLE STATEMENT
Title Elementary and intermediate algebra :
Remainder of title a unified approach /
Statement of responsibility, etc. Donald Hutchison, Barry Bergman [and] Louis Hoelzle .
260 ## - PUBLICATION, DISTRIBUTION, ETC.
Place of publication, distribution, etc. Boston :
Name of publisher, distributor, etc. McGraw-Hill,
Date of publication, distribution, etc. c2008.
300 ## - PHYSICAL DESCRIPTION
Extent xviii, 880 [65] p. :
Other physical details col. ill. ;
Dimensions 26 cm.
500 ## - GENERAL NOTE
General note Includes index.
650 #0 - SUBJECT ADDED ENTRY--TOPICAL TERM
Topical term or geographic name entry element Algebra
Form subdivision Textbooks.
700 1# - ADDED ENTRY--PERSONAL NAME
Personal name Bergman, Barry.
700 ## - ADDED ENTRY--PERSONAL NAME
Personal name Hoelzle, Louis.
907 ## - LOCAL DATA ELEMENT G, LDG (RLIN)
a .b10345413
b 22-07-14
c 22-07-14
942 ## - ADDED ENTRY ELEMENTS (KOHA)
Koha item type Ordinary Loan Books
Call number prefix QA152.3
Call number suffix HUT
Holdings
Date last seen Total Checkouts Full call number Barcode Cost, replacement price Price effective from Koha item type Lost status Source of classification or shelving scheme Damaged status Not for loan Collection Withdrawn status Home library Current library Shelving location Date acquired Cost, normal purchase price
01/23/2023   QA152.3 HUT 92004036044 80.00 01/23/2023 BOOKS   LCC     NFIC   MAIN MAIN GEN 01/23/2023 80.00